000
00350nam a2200145Ia 4500
008
240624s9999 xx 000 0 und d
041
_a
eng
082
_a
657.3 FRA
100
_a
FRASER LYN M
245
_a
UNDERSTANDING FINANCIAL STATEMENTS
250
_a
(6th ed.)
260
_c
2003
_a
New Delhi
_b
Prentice-Hall
300
_a
xvii, : 267
365
_c
RS
999
_c
366
_d
366